Efectos del agua sobre el rendimiento de los cultivos
Saved in:
| Hovedforfatter: | |
|---|---|
| Format: | Bog |
| Sprog: | spansk |
| Udgivet: |
Roma
FAO
1986
|
| Serier: | Estudio Fao. Riego y drenaje, 33
|
| Fag: | |
| Tags: |
Tilføj Tag
Ingen Tags, Vær først til at tagge denne postø!
|
MARC
| LEADER | 00000nam a2200000 a 4500 | ||
|---|---|---|---|
| 001 | UCV7348 | ||
| 003 | CL-VaPUC | ||
| 008 | 910924e19860000IT |||||||||||||||||spa|d | ||
| 082 | 0 | 4 | |a 631.587 |b DOO |2 21 |
| 100 | 0 | |a Doorenbos, J |e author |9 301447 | |
| 245 | 1 | 0 | |a Efectos del agua sobre el rendimiento de los cultivos |
| 300 | |a 212 p | ||
| 942 | |c BK | ||
| 945 | |d 19910924 00:00:00 | ||
| 260 | |a Roma |b FAO |c 1986 | ||
| 650 | 7 | |a CULTIVOS Y AGUA |2 CL-VaPUC |9 264663 | |
| 650 | 7 | |a COSECHAS RENDIMIENTO |2 CL-VaPUC |9 264664 | |
| 583 | |a last modification |c 19910924 00:00:00 |k Rodrigo Vera | ||
| 490 | 0 | |a Estudio Fao. Riego y drenaje, 33 | |
| 999 | |c 213042 |d 213040 | ||